000 00497nam a2200193 a 4500
001 1770451648205
003 YourLibrary
005 20260207134015.0
008 260207s2008##################000#0#eng##
020 _a9788189915889
082 0 4 _a332.632
_bMAL
100 1 _aMalik, P.K.,
_eauthor.
245 1 0 _aSecuritisation of Financial Assets :
260 _c2008.
300 _a263 pages
650 0 _aAsset-backed financing.
942 _cENGLISH
040 _aYourLibrary
_beng
_cYourLibrary
999 _c610801
_d610801